000 nam a22 7a 4500
999 _c7991
_d7991
008 171121b xxu||||| |||| 00| 0 eng d
100 _aBaxter.N.
_94445
245 _aBest loved animal tales
260 _aBristol
_c1999